National Assembly Library of Thailand

ประมวลความตกลงทางวัฒนธรรมระหว่างรัฐบาลไทยกับรัฐบาลต่างประเทศ เล่ม 1 (ระเบียนเลขที่ 16896)

รายละเอียดในรูปแบบ MARC
000 -LEADER
fixed length control field 01002nam a22002057a 4500
005 - DATE AND TIME OF LATEST TRANSACTION
control field 20251125232849.0
008 - FIXED-LENGTH DATA ELEMENTS--GENERAL INFORMATION
fixed length control field s2529 th thaeng
040 ## - CATALOGING SOURCE
Original cataloging agency NALT
041 ## - LANGUAGE CODE
Language code of text/sound track or separate title thaeng
090 ## - LOCALLY ASSIGNED LC-TYPE CALL NUMBER (OCLC); LOCAL CALL NUMBER (RLIN)
Classification number (OCLC) (R) ; Classification number, CALL (RLIN) (NR) KF54.4 ก452ป 2529
245 10 - TITLE STATEMENT
Title ประมวลความตกลงทางวัฒนธรรมระหว่างรัฐบาลไทยกับรัฐบาลต่างประเทศ เล่ม 1
260 3# - PUBLICATION, DISTRIBUTION, ETC.
Place of publication, distribution, etc. กรุงเทพฯ :
Name of publisher, distributor, etc. กรมสารนิเทศ กระทรวงการต่างประเทศ,
Date of publication, distribution, etc. 2529
300 ## - PHYSICAL DESCRIPTION
Extent 72 หน้า ;
Other physical details 26 ซม.
650 04 - SUBJECT ADDED ENTRY--TOPICAL TERM
Topical term or geographic name entry element ความตกลงระหว่างประเทศ
650 04 - SUBJECT ADDED ENTRY--TOPICAL TERM
Topical term or geographic name entry element วัฒนธรรม (ความตกลงระหว่างประเทศ)
850 ## - HOLDING INSTITUTION
Holding institution NALT
856 40 - ELECTRONIC LOCATION AND ACCESS
Uniform Resource Identifier <a href="https://hdl.handle.net/20.500.14156/302220">https://hdl.handle.net/20.500.14156/302220</a>
942 ## - ADDED ENTRY ELEMENTS (KOHA)
Koha item type Law Book
Source of classification or shelving scheme Library of Congress Classification
998 ## - LOCAL CONTROL INFORMATION (RLIN)
-- 25
-- นีลวัสน์ อินทรักษา
รายการที่มีในห้องสมุด
Withdrawn status Lost status Damaged status Not for loan Collection code Home library Current library Total Checkouts Full call number Barcode Date last seen Price effective from Koha item type
        Law Book collection National Assembly Library of Thailand National Assembly Library of Thailand   KF 54.4 ก452ป 2529 3961134692 09/06/2017 09/06/2017 Law Book
หอสมุดรัฐสภา
สำนักงานเลขาธิการสภาผู้แทนราษฎร เลขที่ 1111 ถนนสามเสน แขวงถนนนครไชยศรี เขตดุสิต กรุงเทพฯ 10300
The Secretariat of the House of Representatives 1111 Samsen Road, Thanon Nakhon Chai Si, Dusit, Bangkok 10300, THAILAND
โทรศัพท์: +66(0) 2242 5900 ต่อ 5714-5 โทรสาร: +66(0) 2242 5990 อีเมล: [email protected]